000 00659nam a2200265Ia 4500
005 20260121170453.0
008 008 260114s9999 xx 000 0 eng d
020 _a9781137542502
037 _aEBOOK
040 _aCRL
040 _beng
040 _cCRL
041 _2eng
041 _aeng
084 _qCRL
100 _aAlethea Melling, Ruth Pilkington
_91064272
245 0 _aPaulo Freire and Transformative Education
260 _bSpringer
260 _bSpringer
260 _c2018
856 _uhttps://link.springer.com/openurl?genre=book&isbn=978-1-137-54250-2
942 _cEBOOK
999 _c1630001
_d1630001